00430nam a2200145Ia 4500003000900000008004100009040003300050041001300083080001500096245006400111246002600175260005200201300001400253650001700267LK-CoDNM010623t1973 xxu||||| |||| 00| 1 eng d aLK-CoDNMdLK-CoDNMeLK-CoDNM aengasin a(x)362 SRI aඅක්‍ෂිදාන සේවා උදානය aEye Donation Progress bSri Lanka eye donation societyaSri Lankac1973 b, 27.5 cm aEye Donation